| 000 | 01035nam a2200313 i 4500 | ||
|---|---|---|---|
| 003 | EG-GICUC | ||
| 005 | 20260227094333.0 | ||
| 008 | 260227s1969 ag ||||fr|||| 00| 0 spa d | ||
| 040 |
_aEG-GiCUC _bspa _cEG-GiCUC _dEG-GiCUC _eRda |
||
| 082 | 0 | 4 |
_221 _a341.28 _bED . P |
| 092 | 0 | 4 | _221 |
| 099 | _aLaw1 11 341.28 ED . P 1969 | ||
| 110 |
_aTres Continentes _eAuthor. |
||
| 245 |
_aEl Problema Palestinense : _bUn Enfoque Histórico Juridico / _cTres Continentes . |
||
| 264 | 1 |
_aArgentina : _bTres Continentes , _c1969. |
|
| 300 |
_a252 page ; _c24 cm. |
||
| 336 |
_2rda contenu _a texte |
||
| 337 |
_2rda medias _aOrdinateur |
||
| 338 |
_2 transporteur rda _a Ressource en ligne |
||
| 546 | _aText in Spanish | ||
| 650 | _aDerecho Internacional Público | ||
| 650 | _aRegiones No Autónomas | ||
| 700 | 1 |
_aEdmundo Rabbath _eAuthor. |
|
| 700 | 1 |
_aYassen,Mustafa Kamil _eAuthor. |
|
| 700 | 1 |
_aRateb,Aicha _eAuthor. |
|
| 856 | 4 | 0 | _uhttps://fll.law.cu.edu.eg/fulltext/bks/B11-06724.pdf |
| 905 | _a59 | ||
| 942 |
_2ddc _n0 _cBK _e21 |
||
| 999 |
_c64293 _d64293 |
||